Normal view
MARC view
Entry Topical Term
001 - CONTROL NUMBER
- control field: 100331
003 - CONTROL NUMBER IDENTIFIER
- control field:
005 - DATE AND TIME OF LATEST TRANSACTION
- control field: 20210601183729.0
008 - FIXED-LENGTH DATA ELEMENTS
- fixed length control field: 210601|| aca||aabn | a|a d
040 ## - CATALOGING SOURCE
- Original cataloging agency:
- Transcribing agency:
150 ## - HEADING--TOPICAL TERM
- Topical term or geographic name entry element: Poetry, Ancient
670 ## - SOURCE DATA FOUND
- Source citation: Work cat.: (): Croce, Benedetto 1866-1952 100328, The defence of poetry:, 1972
